La redención de las sirenas
Uloženo v:
| Hlavní autor: | |
|---|---|
| Médium: | Kniha |
| Jazyk: | španělština |
| Vydáno: |
Santiago
Biblioteca Nacional
1967
|
| Témata: | |
| Tagy: |
Přidat tag
Žádné tagy, Buďte první, kdo vytvoří štítek k tomuto záznamu!
|
MARC
| LEADER | 00000nam a2200000 a 4500 | ||
|---|---|---|---|
| 001 | UCL9900 | ||
| 003 | CL-VaPUC | ||
| 008 | 040903e19670000CL |||||||||||||||||spa|d | ||
| 082 | 0 | 4 | |a Ch862 |b REY |2 21 |
| 100 | 0 | |a Reyes, Salvador |e author |9 352822 | |
| 245 | 1 | 3 | |a La redención de las sirenas |
| 300 | |a pág. irreg | ||
| 942 | |c BK | ||
| 945 | |d 20040903 00:00:00 |a cmena | ||
| 260 | |a Santiago |b Biblioteca Nacional |c 1967 | ||
| 650 | 0 | |a Teatro chileno |9 266701 | |
| 650 | 0 | |a Dramas chilenos |9 313819 | |
| 650 | 0 | |a Literatura chilena |9 308278 | |
| 583 | |a last modification |c 20040903 00:00:00 |k Rodrigo Vera | ||
| 999 | |c 310517 |d 310515 | ||
| 952 | |0 0 |1 0 |4 0 |6 CH_862_000000000000000_REY_1967 |7 0 |8 A |9 379079 |a BIBEDU |b BIBEDU |d 2019-11-21 |i 4056388 |o Ch862 REY 1967 |p 4056388 |r 2019-11-21 |w 2019-11-21 |y BK |k LIT | ||